000 00905nam a22002657i 4500
005 20260105134237.0
008 250906s2026 ua ||||gr|||| 00| 0 ara d
020 _a9789774407328
040 _aJO-AmGAM
_erda
082 1 4 _a629.892
_bب ل ق
100 1 _aالبلقاسي، منال
_eمؤلف.
245 1 _aروبوتات المستوطنات الفضائية /
_cأ. د منال البلقاسي.
246 1 0 _aSpace Habitat Robots.
250 _aالطبعة الأولى.
264 3 1 _aالهرم :
_bالدار العالمية للنشر والتوزيع،
_c2026.
300 _a288 صفحة.
336 _2rdacontent
_aنص
_btxt
337 _2rdamedia
_aدون وسيط عرض
_bn
338 _2rdacarrier
_aمجلد
_bnc
650 1 7 _aالروبوت.
650 1 7 _aالفضاء.
650 1 7 _aالذكاء الاصطناعي.
942 _2ddc
_cBK
999 _c247582
_d247582